[Event "Copenhagen Chess Challenge 2020 - IM"]
[Site "Ballerup"]
[Date "2020.07.24"]
[Round "5"]
[White "Ingebretsen, Jens E"]
[Black "Hove, Esben Kjems"]
[Result "0-1"]
[WhiteElo "2182"]
[BlackElo "2324"]
[EventDate "2020.07.22"]
[EventRounds "9"]
[EventType "tourn"]
[EventCountry "DEN"]
[WhiteFideId "1522965"]
[BlackFideId "1401505"]

1. e4 e6 2. c4 d5 3. exd5 exd5 4. cxd5 Nf6 5. Bb5+ Nbd7 6. Nc3 Be7 7. Nf3 O-O 8. O-O a6 9. Bxd7 Qxd7 10. Qb3 b5 11. Ne5 Qf5 12. d4 Bb7 13. Be3 b4 14. Ne2 Bxd5 15. Ng3 Qe6 16. Qd3 Bd6 17. Rac1 Bxa2 18. f4 a5 19. Qe2 a4 20. f5 Qd5 21. Ng4 Nxg4 22. Qxg4 f6 23. Nh5 Rf7 24. Bh6 Bf8 25. Rxc7 Kh8 26. Rxf7 Qxf7 27. Bc1 Bc4 28. Rd1 a3 29. bxa3 bxa3 30. Nf4 Bd6 31. Qf3 Qe8 32. Ne6 a2 33. Bb2 Rb8 34. Qc3 Qh5 35. Rc1 Bxh2+  0-1

[Event "Copenhagen Chess Challenge 2020 - IM"]
[Site "Ballerup"]
[Date "2020.07.24"]
[Round "5"]
[White "Brynell, Stellan"]
[Black "Akdag, Dara Sevkan"]
[Result "1-0"]
[WhiteElo "2414"]
[BlackElo "2244"]
[EventDate "2020.07.22"]
[EventRounds "9"]
[EventType "tourn"]
[EventCountry "DEN"]
[WhiteFideId "1700219"]
[BlackFideId "1413406"]

1. d4 c5 2. d5 Nf6 3. Nf3 d6 4. Nc3 g6 5. e4 Bg7 6. Bb5+ Nbd7 7. a4 O-O 8. O-O Rb8 9. Re1 Nb6 10. h3 Nh5 11. Be3 e5 12. dxe6 Bxe6 13. Qd2 a6 14. Bf1 Qc7 15. Bh6 Nf6 16. Bxg7 Kxg7 17. Ng5 Bd7 18. a5 Nc8 19. Nd5 Qd8 20. Qc3 Rh8 21. Re3 h6 22. Rf3 hxg5 23. Nxf6  1-0

[Event "Copenhagen Chess Challenge 2020 - IM"]
[Site "Ballerup"]
[Date "2020.07.24"]
[Round "5"]
[White "Brondt, Nicolai Kvist"]
[Black "Heimisson, Hilmir Freyr"]
[Result "0-1"]
[WhiteElo "2223"]
[BlackElo "2309"]
[EventDate "2020.07.22"]
[EventRounds "9"]
[EventType "tourn"]
[EventCountry "DEN"]
[WhiteFideId "1413848"]
[BlackFideId "2309998"]

1. d4 e6 2. c4 b6 3. Nc3 Bb4 4. Qc2 Bb7 5. a3 Bxc3+ 6. Qxc3 Nf6 7. Nf3 d6 8. e3 Nbd7 9. Be2 Qe7 10. b3 Ne4 11. Qc2 Ng5 12. Qd1 Nxf3+ 13. Bxf3 Bxf3 14. Qxf3 O-O 15. Bb2 a5 16. a4 Rfd8 17. O-O Rac8 18. Rfd1 Qf6 19. Qxf6 Nxf6 20. Rac1 Kf8 21. Kf1 Ke7 22. Ke2 g5 23. h3 h5 24. Rc2 Rb8 25. Rcc1 Nd7 26. Ba3 f6 27. c5 b5 28. cxd6+ cxd6 29. Rc6 b4 30. Bb2 Nb6 31. Rdc1 Rb7 32. Rc7+ Rxc7 33. Rxc7+ Rd7 34. Rxd7+ Kxd7 35. g4 h4 36. Bc1 Ke7 37. Kd3 f5 38. f3 Kf6 39. Bd2 d5 40. Be1 Nd7 41. Bf2 e5 42. gxf5 Kxf5 43. e4+ Kf4 44. Ke2 dxe4 45. fxe4 exd4 46. Bxd4 Kxe4 47. Be3 g4 48. hxg4 h3 49. Bg1 Nc5 50. g5 Kf5 51. Kf3 Nxb3 52. Be3 Na1 53. Kg3 Nc2 54. Bc1 Ne1 55. Kxh3 Nd3 56. Kh4 Nxc1 57. Kh5 Ne2 58. g6 Nf4+ 59. Kh6 Nxg6  0-1

[Event "Copenhagen Chess Challenge 2020 - IM"]
[Site "Ballerup"]
[Date "2020.07.24"]
[Round "5"]
[White "Vinter Schou, Uffe"]
[Black "Jepson, Christian"]
[Result "1/2-1/2"]
[WhiteElo "2349"]
[BlackElo "2377"]
[EventDate "2020.07.22"]
[EventRounds "9"]
[EventType "tourn"]
[EventCountry "DEN"]
[WhiteFideId "1400568"]
[BlackFideId "1701185"]

1. e4 d5 2. exd5 Nf6 3. c4 e6 4. dxe6 Bxe6 5. d3 Nc6 6. Nc3 Qe7 7. Be2 O-O-O 8. Qa4 Qb4 9. Nf3 Qxa4 10. Nxa4 Nb4 11. O-O Nxd3 12. Bxd3 Rxd3 13. Bf4 Bd6 14. Bxd6 Rxd6 15. Rac1 Re8 16. Rfe1 Bxc4 17. Rxc4 Rxe1+ 18. Nxe1 b5 19. Rb4 bxa4 20. Rxa4 Rd1 21. Kf1 Rb1 22. b3 Nd5 23. Rxa7 Ra1 24. Ra4 Kd7 25. Rd4 Ke6 26. Rd2 g5 27. f3 Nb4 28. a4 Rb1 29. Ke2 Rxb3 30. Nd3 Na6 31. Rc2  1/2-1/2

[Event "Copenhagen Chess Challenge 2020 - IM"]
[Site "Ballerup"]
[Date "2020.07.25"]
[Round "6"]
[White "Hove, Esben Kjems"]
[Black "Brondt, Nicolai Kvist"]
[Result "1/2-1/2"]
[WhiteElo "2324"]
[BlackElo "2223"]
[EventDate "2020.07.22"]
[EventRounds "9"]
[EventType "tourn"]
[EventCountry "DEN"]
[WhiteFideId "1401505"]
[BlackFideId "1413848"]

1. d4 Nf6 2. Nf3 d5 3. Bf4 c5 4. e3 Nc6 5. c3 Qb6 6. Qb3 c4 7. Qc2 Bf5 8. Qc1 h6 9. h3 e6 10. Be2 Be7 11. O-O O-O 12. Nbd2 Qd8 13. Bd1 b5 14. Bc2 Qd7 15. Re1 Ne4 16. Nxe4 Bxe4 17. Bxe4 dxe4 18. Nd2 f5 19. f3 exf3 20. Nxf3 Bf6 21. Qc2 Rae8 22. a4 a6 23. axb5 axb5 24. b3 e5 25. Bh2 Qd5 26. bxc4 bxc4 27. Qa4 Kh7 28. dxe5 Nxe5 29. Bxe5 Bxe5 30. Rad1 Qc5 31. Nxe5 Rxe5 32. Rd4 Rc8 33. Re2  1/2-1/2

[Event "Copenhagen Chess Challenge 2020 - IM"]
[Site "Ballerup"]
[Date "2020.07.25"]
[Round "6"]
[White "Nielsen, Viktor Haarmark"]
[Black "Brynell, Stellan"]
[Result "1/2-1/2"]
[WhiteElo "2301"]
[BlackElo "2414"]
[EventDate "2020.07.22"]
[EventRounds "9"]
[EventType "tourn"]
[EventCountry "DEN"]
[WhiteFideId "1444492"]
[BlackFideId "1700219"]

1. e4 e5 2. Nf3 Nf6 3. Nxe5 d6 4. Nf3 Nxe4 5. Nc3 Nxc3 6. dxc3 Be7 7. Be3 O-O 8. Qd2 Nd7 9. O-O-O Nf6 10. Bd3 c5 11. Kb1 Qa5 12. h3 b5 13. Rhe1 Be6 14. a3 Rfe8 15. Ng5 Bc4 16. Ne4 Be6 17. Bf4 Rad8 18. g4 Qb6 19. Ng5 Bc4 20. Re2 Bf8 21. Rde1 Bxd3 22. Rxe8 Nxe8 23. Qxd3 Nf6 24. Qf5 Qb7 25. Ne4 Nxe4 26. Qxe4 Qxe4 27. Rxe4 f6 28. c4 a6 29. cxb5 axb5 30. c4 d5 31. cxd5 Rxd5 32. Kc2 Kf7 33. b3 f5 34. gxf5 Kf6 35. Re8 Be7 36. a4 bxa4 37. bxa4 Rd4 38. Be5+ Kxe5 39. Rxe7+ Kxf5 40. Rxg7 Rxa4 41. Rxh7 Kg6 42. Rc7 Ra2+ 43. Kb3 Rxf2 44. Rxc5 Rf3+ 45. Rc3 Rxc3+ 46. Kxc3 Kh5 47. Kd4 Kh4 48. Ke4 Kxh3  1/2-1/2

[Event "Copenhagen Chess Challenge 2020 - IM"]
[Site "Ballerup"]
[Date "2020.07.25"]
[Round "7"]
[White "Vinter Schou, Uffe"]
[Black "Hove, Esben Kjems"]
[Result "1-0"]
[WhiteElo "2349"]
[BlackElo "2324"]
[EventDate "2020.07.22"]
[EventRounds "9"]
[EventType "tourn"]
[EventCountry "DEN"]
[WhiteFideId "1400568"]
[BlackFideId "1401505"]

1. e4 c6 2. d4 d5 3. e5 Bf5 4. h4 h6 5. g4 Bd7 6. Nc3 e6 7. Be3 Ne7 8. h5 Nc8 9. f4 b5 10. Bd3 Qb6 11. Qe2 Na6 12. a3 b4 13. Bxa6 bxc3 14. b4 Ne7 15. Nf3 Bc8 16. Bd3 a5 17. b5 cxb5 18. Bxb5+ Bd7 19. Rb1 Nc6 20. Rb3 Be7 21. O-O O-O 22. Rfb1 a4 23. Bxa4 Qa5 24. Bb5 Qc7 25. Rxc3 Rxa3 26. Rxa3 Bxa3 27. Qd3 Be7 28. Qc3 Rc8 29. Kg2 Qa7 30. Ra1 Qb6 31. Ba6 Rb8 32. Bd3 Nb4 33. Rb1 Rc8 34. Qb3 Qc7 35. Bd2 Nxd3 36. cxd3 Bc6 37. Kf2 Ra8 38. Rc1 Ra6 39. Qb5 Qc8 40. Ke3 Qa8 41. Qb1 Qa7 42. Qc2 Rb6 43. Be1 Ra6 44. Bh4 Bxh4 45. Nxh4 Qe7 46. Nf3 Rb6 47. Rg1 Be8 48. Qc8 Qd7 49. Qa8 Qc6 50. Qd8 Rb2 51. g5 Kf8 52. gxh6 gxh6 53. Nd2 Ra2 54. Qb8 Ke7 55. Rc1 Qxc1 56. Qd6#  1-0

[Event "Copenhagen Chess Challenge 2020 - IM"]
[Site "Ballerup"]
[Date "2020.07.25"]
[Round "7"]
[White "Brondt, Nicolai Kvist"]
[Black "Akdag, Dara Sevkan"]
[Result "1-0"]
[WhiteElo "2223"]
[BlackElo "2244"]
[EventDate "2020.07.22"]
[EventRounds "9"]
[EventType "tourn"]
[EventCountry "DEN"]
[WhiteFideId "1413848"]
[BlackFideId "1413406"]

1. Nf3 Nf6 2. c4 g6 3. g3 Bg7 4. Bg2 O-O 5. O-O d6 6. d4 Nc6 7. Nc3 a6 8. Bf4 Rb8 9. Rc1 h6 10. h3 g5 11. Be3 Bd7 12. b3 b5 13. d5 Na5 14. cxb5 axb5 15. Nd4 e5 16. dxe6 fxe6 17. b4 Nc4 18. Nc6 Bxc6 19. Bxc6 Nxe3 20. fxe3 d5 21. Kg2 Rb6 22. Nxb5 Ne4 23. Rf3 Qe7 24. a3 Be5 25. Qc2 Bxg3 26. Rcf1 Rbb8 27. Nc3 g4 28. Rxf8+ Rxf8 29. Rxf8+ Qxf8 30. Nxe4 gxh3+ 31. Kxg3 Qf1 32. Nf6+ Kf8 33. Nd7+ Ke7 34. Qc5+  1-0

[Event "Copenhagen Chess Challenge 2020 - IM"]
[Site "Ballerup"]
[Date "2020.07.25"]
[Round "7"]
[White "Ingebretsen, Jens E"]
[Black "Nielsen, Viktor Haarmark"]
[Result "1/2-1/2"]
[WhiteElo "2182"]
[BlackElo "2301"]
[EventDate "2020.07.22"]
[EventRounds "9"]
[EventType "tourn"]
[EventCountry "DEN"]
[WhiteFideId "1522965"]
[BlackFideId "1444492"]

1. c4 c5 2. Nf3 Nc6 3. Nc3 g6 4. e3 Nf6 5. d4 cxd4 6. exd4 d5 7. cxd5 Nxd5 8. Qb3 Nxc3 9. Bc4 Nd5 10. Bxd5 e6 11. Bxc6+ bxc6 12. O-O Qd5 13. Qa4 Bg7 14. Bf4 O-O 15. Rac1 Rd8 16. Rc5 Qe4 17. Be5 Bf8 18. Qxc6 Bb7 19. Qxe4 Bxe4 20. Rc3 Bb4 21. Rc4 Be7 22. Rc7 Bd6 23. Bxd6 Rxd6 24. Ng5 Rc6 25. Rxc6 Bxc6 26. Rc1 Bd5 27. Rc7 Bxa2 28. Nxf7 Rb8 29. Rxa7 Rxb2 30. Nh6+ Kh8 31. h3 Bd5 32. Ng4 Bb7 33. Nf6 g5 34. Ne8 h6 35. Nd6 Bd5 36. Nf7+ Kg7 37. Ne5+ Bb7 38. Kh2 Kf6 39. f3 Rb4 40. Nd7+ Kf5 41. Nc5 Bd5 42. Nd3 Rb7 43. Rxb7 Bxb7 44. g4+ Kf6 45. Kg3 Bd5 46. Ne5 Bb3 47. Kf2 Bc2 48. Ke3 Ba4 49. Kf2 Bc2 50. Kg3 Ba4 51. h4 Be8 52. h5 Bb5 53. Kf2 Ba4 54. Ke3 Bd1 55. Kd2 Ba4 56. Kc3 Bd1 57. Kb4 Ke7 58. Kc5 Be2 59. Kb4 Bd1 60. Kc3 Kf6 61. Kd3 Ba4 62. Ke3 Bc2 63. Kf2 Bd1 64. Kg3 Bc2 65. f4 gxf4+ 66. Kxf4 Bd1 67. Nd3 Be2 68. Nf2 Kf7 69. Ne4 Bd3 70. Ke5 Ke7 71. Ng3 Bc4 72. Ne4 Be2 73. Kf4 Bd3 74. Nc5 Be2 75. Na4 Kf6 76. Nb6 Bb5 77. Nc8 Be2 78. Nd6 Bd3 79. Ne4+ Ke7 80. Ke5 Be2 81. Nf2 Bf3 82. Kf4 Be2 83. Ke3 Bc4 84. Kf3 Bb5 85. Nd1 Kf6 86. Kf4 Be2 87. Nc3 Bd3 88. Ne4+ Ke7  1/2-1/2

[Event "Copenhagen Chess Challenge 2020 - IM"]
[Site "Ballerup"]
[Date "2020.07.25"]
[Round "7"]
[White "Brynell, Stellan"]
[Black "Vesterli, Michael E"]
[Result "1/2-1/2"]
[WhiteElo "2414"]
[BlackElo "2266"]
[EventDate "2020.07.22"]
[EventRounds "9"]
[EventType "tourn"]
[EventCountry "DEN"]
[WhiteFideId "1700219"]
[BlackFideId "1417339"]

1. d4 Nf6 2. Nf3 g6 3. g3 Bg7 4. Bg2 O-O 5. O-O d6 6. c4 Nc6 7. Nc3 a6 8. b3 Rb8 9. Bb2 b5 10. d5 Na5 11. cxb5 axb5 12. Nd4 Bd7 13. Qd2 b4 14. Nd1 e6 15. e4 c5 16. dxc6 Nxc6 17. Rc1 Nxd4 18. Bxd4 Bb5 19. Re1 Qa5 20. a4 Ba6 21. Ne3 Rfd8 22. h3 Bb7 23. Nc4 Qa6 24. Bf1 Qa8 25. Nb6 Qa5 26. Nc4 Qa8 27. Nb6 Qa5 28. Nc4 Qa8  1/2-1/2

[Event "Copenhagen Chess Challenge 2020 - IM"]
[Site "Ballerup"]
[Date "2020.07.25"]
[Round "7"]
[White "Jepson, Christian"]
[Black "Heimisson, Hilmir Freyr"]
[Result "1/2-1/2"]
[WhiteElo "2377"]
[BlackElo "2309"]
[EventDate "2020.07.22"]
[EventRounds "9"]
[EventType "tourn"]
[EventCountry "DEN"]
[WhiteFideId "1701185"]
[BlackFideId "2309998"]

1. d4 Nf6 2. Nf3 d5 3. c4 e6 4. Nc3 Bb4 5. e3 O-O 6. Bd2 Nbd7 7. Qb3 Bxc3 8. Bxc3 c6 9. Be2 Ne4 10. Bb4 Re8 11. a4 c5 12. dxc5 a5 13. Ba3 Ndxc5 14. Qc2 Bd7 15. Bxc5 Nxc5 16. cxd5 Rc8 17. dxe6 Bxe6 18. Rd1 Qb6 19. Ng5 g6 20. Nxe6 Nxe6 21. Qe4 Qxb2 22. Bb5 Qc3+ 23. Ke2 Red8 24. h4 Nc5 25. Rxd8+ Rxd8 26. Qe7 Qc2+ 27. Kf3 Qf5+ 28. Kg3 Ne6 29. Rf1 Rd2 30. Qxb7 g5 31. hxg5 Nxg5 32. Qb8+ Kg7 33. Qf4 Qg6 34. Kh2 Rd5 35. Rc1 Ne6 36. Qf3 Rf5 37. Qc6 Rxf2 38. Rf1 Rc2 39. Qf3 Ng5 40. Qg3 Rc5 41. Rf4 h6 42. Rd4 Qe6 43. Rd6 Qe7 44. Rd7 Qf6 45. Qf4 Rf5 46. Qd4 Re5 47. Bc4 Ne6 48. Bxe6 Rxe6 49. Rd5 Kg6  1/2-1/2

[Event "Copenhagen Chess Challenge 2020 - IM"]
[Site "Ballerup"]
[Date "2020.07.26"]
[Round "8"]
[White "Hove, Esben Kjems"]
[Black "Jepson, Christian"]
[Result "1/2-1/2"]
[WhiteElo "2324"]
[BlackElo "2377"]
[EventDate "2020.07.22"]
[EventRounds "9"]
[EventType "tourn"]
[EventCountry "DEN"]
[WhiteFideId "1401505"]
[BlackFideId "1701185"]

1. d4 f5 2. Nf3 Nf6 3. g3 e6 4. Bg2 d5 5. O-O Bd6 6. b3 b6 7. c4 O-O 8. Ba3 Bb7 9. Bxd6 cxd6 10. cxd5 Nxd5 11. Qd2 Nd7 12. Nc3 N7f6 13. Nxd5 Bxd5 14. Rfc1 Qd7 15. Ne1 Rac8 16. Bxd5 Nxd5 17. Nd3 Rxc1+ 18. Rxc1 Rc8 19. f3 Rxc1+ 20. Qxc1 h6 21. Kf2 Kf7 22. Qc2 Qb7 23. Qc1 Qd7 24. Qc2 Qb7 25. Qc1 Qd7 26. Qc2  1/2-1/2

[Event "Copenhagen Chess Challenge 2020 - IM"]
[Site "Ballerup"]
[Date "2020.07.26"]
[Round "8"]
[White "Akdag, Dara Sevkan"]
[Black "Vinter Schou, Uffe"]
[Result "1/2-1/2"]
[WhiteElo "2244"]
[BlackElo "2349"]
[EventDate "2020.07.22"]
[EventRounds "9"]
[EventType "tourn"]
[EventCountry "DEN"]
[WhiteFideId "1413406"]
[BlackFideId "1400568"]

1. f4 g6 2. Nf3 Bg7 3. g3 d6 4. Bg2 e5 5. Nc3 Ne7 6. d4 exd4 7. Nxd4 d5 8. Nb3 d4 9. Nb5 c5 10. a4 Nbc6 11. O-O c4 12. Nd2 Be6 13. e4 O-O 14. Na3 Na5 15. Nf3 Qb6 16. Ng5 Bd7 17. Kh1 Rac8 18. e5 f6 19. Nf3 fxe5 20. Nxe5 Bxa4 21. Qe2 Bb5 22. Nxb5 Qxb5 23. Bd2 Nec6 24. b4 Bxe5 25. fxe5 Nxb4 26. Rxf8+ Rxf8 27. Rxa5 d3 28. Qg4 Qxa5 29. Qxc4+ Kg7 30. Bc3 dxc2 31. e6+ Rf6 32. Qf4 Qd8 33. Be4 Nd5 34. e7 Nxf4 35. Bxf6+ Kh6 36. Bg5+ Kg7 37. Bf6+ Kh6 38. Bg5+ Kg7 39. Bf6+ Kh6 40. Bg5+  1/2-1/2

[Event "Copenhagen Chess Challenge 2020 - IM"]
[Site "Ballerup"]
[Date "2020.07.26"]
[Round "8"]
[White "Nielsen, Viktor Haarmark"]
[Black "Brondt, Nicolai Kvist"]
[Result "1-0"]
[WhiteElo "2301"]
[BlackElo "2223"]
[EventDate "2020.07.22"]
[EventRounds "9"]
[EventType "tourn"]
[EventCountry "DEN"]
[WhiteFideId "1444492"]
[BlackFideId "1413848"]

1. e4 c5 2. Nf3 e6 3. d4 cxd4 4. Nxd4 Nc6 5. Nc3 Qc7 6. Be3 a6 7. Qf3 Bd6 8. O-O-O Be5 9. g3 Nge7 10. Qe2 O-O 11. f4 Bxd4 12. Bxd4 Nxd4 13. Rxd4 e5 14. Rd1 exf4 15. e5 f3 16. Qxf3 Ng6 17. Bg2 Rb8 18. Rhe1 b5 19. Nd5 Qa5 20. Kb1 Bb7 21. h4 Rfe8 22. Qf5 Ne7 23. Nxe7+ Rxe7 24. Bxb7 Rxb7 25. Re4 Qb6 26. Red4 Qe6 27. Qxe6 Rxe6 28. Rd5 Kf8 29. c3 b4 30. cxb4 Rxb4 31. a3 Rb3 32. g4 Reb6 33. R1d2 Rxa3 34. Rxd7 Re3 35. Rf2 f6 36. exf6 Rxf6 37. Rxf6+ gxf6 38. Rxh7 Rg3 39. Rh6 Kg7 40. g5 fxg5 41. hxg5 a5 42. Rf6 Rxg5 43. Rf4 Rc5 44. Ka2 Re5 45. Ka3 Rb5 46. Rf2 Rc5 47. Ka4 Rd5 48. Rf3 Rd2 49. Rb3 Kf7 50. Kxa5 Ke6 51. Kb6 Kd7 52. Kb7 Kd6 53. Rb5 Rh2 54. b4 Rh7+ 55. Ka6 Rh4 56. Rb7 Rh1 57. b5 Ra1+ 58. Kb6 Kd5 59. Rh7 Rb1 60. Rc7 Kd6 61. Rc2 Ra1 62. Kb7 Rh1 63. b6 Kd7 64. Rd2+ Ke7 65. Kc7 Rc1+ 66. Kb8 Rb1 67. b7 Rb3 68. Rd4 Ke6 69. Kc7 Rc3+ 70. Kb6 Rb3+ 71. Kc6 Ke7 72. Rd5 Rb1 73. Rb5 Rc1+ 74. Kb6 Rd1 75. b8=Q Rd6+  1-0

[Event "Copenhagen Chess Challenge 2020 - IM"]
[Site "Ballerup"]
[Date "2020.07.26"]
[Round "8"]
[White "Brynell, Stellan"]
[Black "Ingebretsen, Jens E"]
[Result "1-0"]
[WhiteElo "2414"]
[BlackElo "2182"]
[EventDate "2020.07.22"]
[EventRounds "9"]
[EventType "tourn"]
[EventCountry "DEN"]
[WhiteFideId "1700219"]
[BlackFideId "1522965"]

1. d4 Nf6 2. Nf3 e6 3. c4 Bb4+ 4. Bd2 a5 5. Nc3 d5 6. e3 O-O 7. Rc1 b6 8. Bd3 Ba6 9. Qe2 c5 10. dxc5 Nbd7 11. cxd5 Bxd3 12. Qxd3 Nxc5 13. Qd4 Bxc3 14. Bxc3 Qxd5 15. Qxd5 Nxd5 16. Ke2 Nxc3+ 17. Rxc3 Rfd8 18. Rd1 f6 19. Rxd8+ Rxd8 20. Nd2 Kf8 21. Nc4 Rb8 22. b3 Ne4 23. Rd3 Ke7 24. f3 Nc5 25. Rd4 Rb7 26. h4 h5 27. g4 e5 28. Rd5 hxg4 29. fxg4 Ne4 30. Kf3 Nc3 31. Rd2 Rb8 32. h5 Nb5 33. a4 Nc7 34. Nd6 Ne8 35. Nf5+ Ke6 36. Rc2 Kd7 37. Rd2+ Ke6 38. Rc2 Kd7 39. Rc3 Ra8 40. Rd3+ Ke6 41. Rc3 Rb8 42. Rc1 Kd5 43. Rc2 Ke6 44. Ke4 b5 45. Rc6+ Kf7 46. Ra6 bxa4 47. Ra7+ Kg8 48. bxa4 Rb4+ 49. Kd5 Rxa4 50. Ke6 Rxg4 51. Ra8 a4 52. Rxe8+ Kh7 53. Ra8 Rg5 54. Ra7 Rxh5 55. Rxg7+ Kh8 56. Ra7  1-0

[Event "Copenhagen Chess Challenge 2020 - IM"]
[Site "Ballerup"]
[Date "2020.07.26"]
[Round "8"]
[White "Vesterli, Michael E"]
[Black "Heimisson, Hilmir Freyr"]
[Result "0-1"]
[WhiteElo "2266"]
[BlackElo "2309"]
[EventDate "2020.07.22"]
[EventRounds "9"]
[EventType "tourn"]
[EventCountry "DEN"]
[WhiteFideId "1417339"]
[BlackFideId "2309998"]

1. d4 Nf6 2. Nc3 d6 3. e4 e5 4. dxe5 dxe5 5. Qxd8+ Kxd8 6. Nf3 Bd6 7. Bg5 Be6 8. O-O-O Nbd7 9. Bxf6+ gxf6 10. Nh4 Bc5 11. Rd2 c6 12. Kb1 Kc7 13. Nd1 b5 14. Be2 Bb4 15. c3 Bf8 16. Ne3 Nc5 17. Bf3 a5 18. Nhf5 b4 19. cxb4 axb4 20. b3 Ra5 21. h4 Nb7 22. Rhd1 Bc5 23. Be2 Rha8 24. Bc4 Bd4 25. Bxe6 fxe6 26. Nxd4 exd4 27. Nc4 c5 28. Nxa5 Rxa5 29. e5 fxe5 30. Re1 Kd6 31. Rde2 c4 32. bxc4 d3 33. Rb2 Ra4 34. Re3 Nc5 35. f3 Ra3 36. Re1 Rc3 37. Rc1 e4 38. fxe4 Ke5 39. Re1 Kd4 40. Rf2 b3 41. axb3 Nxb3 42. Kb2 Na5 43. g4 Nxc4+ 44. Kb1 Rb3+ 45. Kc1 Kc3 46. Rd1 Ne3 47. Rdd2 Nxg4 48. Rf7 Ne5 49. Rxh7 Nc4 50. Rc7 Ra3 51. Rb2 Ra1+  0-1

[Event "Copenhagen Chess Challenge 2020 - IM"]
[Site "Ballerup"]
[Date "2020.07.26"]
[Round "9"]
[White "Heimisson, Hilmir Freyr"]
[Black "Hove, Esben Kjems"]
[Result "1-0"]
[WhiteElo "2309"]
[BlackElo "2324"]
[EventDate "2020.07.22"]
[EventRounds "9"]
[EventType "tourn"]
[EventCountry "DEN"]
[WhiteFideId "2309998"]
[BlackFideId "1401505"]

1. d4 d5 2. c4 c6 3. cxd5 cxd5 4. Nc3 Nc6 5. e4 dxe4 6. d5 Nb8 7. Qa4+ Nd7 8. Bf4 Ngf6 9. Rc1 Qb6 10. Bc4 Ng4 11. Nh3 g5 12. Bxg5 Bh6 13. Nxe4 Bxg5 14. Nhxg5 f5 15. Be2 Qxb2 16. O-O Qxe2 17. Nd6+ Kf8 18. Ne6+ Kg8 19. Nxc8 b5 20. Qf4  1-0

[Event "Copenhagen Chess Challenge 2020 - IM"]
[Site "Ballerup"]
[Date "2020.07.26"]
[Round "9"]
[White "Jepson, Christian"]
[Black "Akdag, Dara Sevkan"]
[Result "1-0"]
[WhiteElo "2377"]
[BlackElo "2244"]
[EventDate "2020.07.22"]
[EventRounds "9"]
[EventType "tourn"]
[EventCountry "DEN"]
[WhiteFideId "1701185"]
[BlackFideId "1413406"]

1. Nf3 d6 2. d4 Nf6 3. c4 c5 4. Nc3 Na6 5. d5 e5 6. e4 g6 7. Be2 Bg7 8. a3 O-O 9. O-O Nc7 10. b4 Nfe8 11. Ne1 f5 12. Nd3 b6 13. Rb1 f4 14. Bg4 Ba6 15. bxc5 dxc5 16. Nb5 Bxb5 17. cxb5 Nd6 18. Bb2 Re8 19. a4 Nxe4 20. Re1 Ng5 21. Bxe5 Bxe5 22. Rxe5 Rxe5 23. Nxe5 Qd6 24. Nc6 Re8 25. Nxa7 Qxd5 26. Nc8 Ne4 27. Nxb6 Qa2 28. f3 Qf2+ 29. Kh1 Nd2 30. Qg1 Qxg1+ 31. Rxg1 c4 32. g3 c3 33. Nd7 Nd5 34. b6 Kf7 35. b7 Ne3 36. Ne5+ Kg7 37. Bc8 fxg3 38. b8=Q  1-0

[Event "Copenhagen Chess Challenge 2020 - IM"]
[Site "Ballerup"]
[Date "2020.07.26"]
[Round "9"]
[White "Vinter Schou, Uffe"]
[Black "Nielsen, Viktor Haarmark"]
[Result "0-1"]
[WhiteElo "2349"]
[BlackElo "2301"]
[EventDate "2020.07.22"]
[EventRounds "9"]
[EventType "tourn"]
[EventCountry "DEN"]
[WhiteFideId "1400568"]
[BlackFideId "1444492"]

1. e4 e5 2. Nf3 Nc6 3. Nc3 Nf6 4. Bb5 Bb4 5. O-O O-O 6. Bxc6 dxc6 7. d3 Nd7 8. Ne2 Re8 9. Ng3 Nf8 10. h3 Ng6 11. Bg5 Be7 12. Be3 Be6 13. Qd2 c5 14. b3 b6 15. a4 a5 16. Nh5 Qd7 17. Kh2 Rad8 18. Rg1 f5 19. exf5 Bxf5 20. Ng3 e4 21. dxe4 Qc6 22. exf5 Rxd2 23. Bxd2 Nh4 24. Ng5 Bd6 25. f4 h6 26. Ne6 Qd5 27. Bc3 Nxf5 28. Rad1 Qxe6 29. Rde1 Nxg3  0-1

[Event "Copenhagen Chess Challenge 2020 - IM"]
[Site "Ballerup"]
[Date "2020.07.26"]
[Round "9"]
[White "Brondt, Nicolai Kvist"]
[Black "Brynell, Stellan"]
[Result "0-1"]
[WhiteElo "2223"]
[BlackElo "2414"]
[EventDate "2020.07.22"]
[EventRounds "9"]
[EventType "tourn"]
[EventCountry "DEN"]
[WhiteFideId "1413848"]
[BlackFideId "1700219"]

1. d4 e6 2. c4 Nf6 3. Nc3 Bb4 4. e3 b6 5. Nge2 Ne4 6. Bd2 Nxd2 7. Qxd2 f5 8. a3 Be7 9. d5 e5 10. g4 fxg4 11. O-O-O d6 12. Ng3 Nd7 13. Nce4 Bh4 14. Bd3 Nf6 15. Qc2 g6 16. Rdf1 Nxe4 17. Bxe4 Qg5 18. Rhg1 Rf8 19. f4 exf4 20. exf4 Rxf4 21. Rxf4 Qxf4+ 22. Kb1 Bd7 23. Bxg6+ hxg6 24. Qxg6+ Qf7 25. Re1+ Be7 26. Qe4 Kd8 27. Rf1 Qg7 28. Nf5 Qe5 29. Qxg4 Bf6 30. Qg8+ Be8 31. Qg2 Bg6 32. Qc2 Kd7 33. Ka2 Rf8 34. Rf2 Qxb2+ 35. Qxb2 Bxb2  0-1

[Event "Copenhagen Chess Challenge 2020 - IM"]
[Site "Ballerup"]
[Date "2020.07.26"]
[Round "9"]
[White "Ingebretsen, Jens E"]
[Black "Vesterli, Michael E"]
[Result "1/2-1/2"]
[WhiteElo "2182"]
[BlackElo "2266"]
[EventDate "2020.07.22"]
[EventRounds "9"]
[EventType "tourn"]
[EventCountry "DEN"]
[WhiteFideId "1522965"]
[BlackFideId "1417339"]

1. b3 d5 2. Bb2 c5 3. g3 Nc6 4. Nf3 Nf6 5. Bg2 e6 6. O-O Bd6 7. d3 O-O 8. Nbd2 Bc7 9. e3 e5 10. Qe2 Re8 11. e4 Rb8 12. exd5 Nxd5 13. Rfe1 f6 14. c4 Nde7 15. Ne4 b6 16. Nh4 Nd4 17. Qd1 Be6 18. a3 Nec6 19. Rb1 Qd7 20. b4 cxb4 21. axb4 Bg4 22. f3 Be6 23. b5 Na5 24. Bc1 Nb7 25. Kh1 Rbd8 26. Ra1 Bb8 27. Rf1 Rf8 28. f4 Bg4 29. Nf3 exf4 30. Bxf4 Bxf4 31. gxf4 Nc5 32. Nxc5 bxc5 33. Qb1 Nxf3 34. Bxf3 Bxf3+ 35. Rxf3 Rfe8 36. Qf1 Qb7 37. Qg2 Rd7 38. Rg3 Qc7 39. Qf3 Rde7 40. Rag1 Qd7 41. f5 Re5 42. h4 R8e7 43. Qa8+ Re8 44. Qg2 R8e7 45. h5 h6 46. Rg6 Re2 47. Qa8+ Re8 48. Qf3 Re1 49. Qg4 Qb7+ 50. Qg2 Rxg1+ 51. Kxg1 Qe7 52. Qf2 Qe5 53. Kg2 Qa1 54. Rg3 Qd1 55. Qf3 Re2+ 56. Kh3 Qd2 57. Qh1 Qf4 58. Qf3 Qd2 59. Qh1 Qf4 60. Qf3 Qd2  1/2-1/2